An Introduction to the Study of Map Projections. (Record no. 2392)

MARC details
000 -LEADER
fixed length control field 00353nam a22001097a 4500
005 - DATE AND TIME OF LATEST TRANSACTION
control field 20200914143505.0
008 - FIXED-LENGTH DATA ELEMENTS--GENERAL INFORMATION
fixed length control field 200914b ||||| |||| 00| 0 eng d
040 ## - CATALOGING SOURCE
Transcribing agency CML
245 ## - TITLE STATEMENT
Title An Introduction to the Study of Map Projections.
Statement of responsibility, etc. Steers, J.A.
260 ## - PUBLICATION, DISTRIBUTION, ETC.
Place of publication, distribution, etc. London
Name of publisher, distributor, etc. University of London Press Ltd
Date of publication, distribution, etc. 1962
942 ## - ADDED ENTRY ELEMENTS (KOHA)
Source of classification or shelving scheme Dewey Decimal Classification
Koha item type Books
Classification part 526.8
Call number suffix STE
Holdings
Withdrawn status Lost status Source of classification or shelving scheme Damaged status Not for loan Collection code Home library Current library Shelving location Date acquired Total Checkouts Full call number Date last seen Price effective from Koha item type
    Dewey Decimal Classification     Geography & History Chalimbana Main Library Chalimbana Main Library Geography & History 09/14/2020   526.8 STE 09/14/2020 09/14/2020 Books

Powered by Koha